Catalog

Record Details

Catalog Search



Available copies

  • 1 of 1 copy available at LARL/NWRL Consortium.
  • 1 of 1 copy available at Lake Agassiz Regional Library. (Show preferred library)

Current holds

1 current hold with 1 total copy.

Show Only Available Copies
Location Call Number / Copy Notes Barcode Shelving Location Status Due Date
Moorhead Public Library 811.6 GAY (Text) 33500013700901 Main Available -

Record details

  • ISBN: 9781643753041
  • ISBN: 1643753045
  • Physical Description: 248 pages ; 22 cm
  • Edition: First Edition.
  • Publisher: Chapel Hill, North carolina : Algonquin Books of Chapel Hill, 2022.

Content descriptions

Formatted Contents Note:
The first incitement -- Through my tears I saw ... Read More
Summary, etc.:
"A collection of long-form essays on joy, in which ... Read More
Subject: Joy.
Happiness.
Kindness.
American essays > 21st century.
Genre: Essays.
Essays.
LDR 02485cam a22004818i 4500
001396478
003LARL_NWRL_CONSORTIUM
00520221028154520.0
008220513s2022 ncu 000 e eng
010 . ‡a 2022021254
040 . ‡aDLC ‡beng ‡erda ‡cDLC ‡dOCLCF ‡dYDX ‡dBDX ‡dUKMGB ‡dIH9
015 . ‡aGBC2F9074 ‡2bnb
0167 . ‡a020738265 ‡2Uk
019 . ‡a1289987864 ‡a1289999470 ‡a1290015605
020 . ‡a9781643753041 ‡q(hardcover)
020 . ‡a1643753045 ‡q(hardcover)
020 . ‡z9781643753485 ‡q(ebook)
035 . ‡a(OCoLC)1317343250 ‡z(OCoLC)1289987864 ‡z(OCoLC)1289999470 ‡z(OCoLC)1290015605
042 . ‡apcc
08200. ‡a811/.6 ‡223
1001 . ‡aGay, Ross, ‡d1974- ‡eauthor.
24510. ‡aInciting joy : ‡bessays / ‡cRoss Gay.
250 . ‡aFirst Edition.
264 1. ‡aChapel Hill, North carolina : ‡bAlgonquin Books of Chapel Hill, ‡c2022.
300 . ‡a248 pages ; ‡c22 cm
336 . ‡atext ‡btxt ‡2rdacontent
337 . ‡aunmediated ‡bn ‡2rdamedia
338 . ‡avolume ‡bnc ‡2rdacarrier
50500. ‡tThe first incitement -- ‡tThrough my tears I saw (death: the second incitement) -- ‡tWe kin (the garden: the third incitement) -- ‡tOut of time (time: the fourth incitement) -- ‡tShare your bucket! (skateboarding: the fifth incitement) -- ‡tBaby, this might by you. (laughter: the sixth incitement) -- ‡t(Dis)alienation machinery (losing your phone: the seventh incitement) -- ‡tFree fruit for all! (the orchard: the eighth incitement) -- ‡tInsurgent hoop (pickup basketball: the ninth incitement) -- ‡tHow big the boat (the cover: the tenth incitement) -- ‡tDispatch from the ruins (school: the eleventh incitement) -- ‡tGrief suite (falling apart: the thirteenth incitement) -- ‡tOh, my heart (gratitude: the fourteenth incitement).
520 . ‡a"A collection of long-form essays on joy, in which the author turns his curious and poetic mind to everything from skateboarding and cover songs, basketball and race, dancing and academia, death and laughter, and, always, the garden and the natural world"-- ‡cProvided by publisher.
650 0. ‡aJoy. ‡0(LARL_NWRL_CONSORTIUM)23899
650 0. ‡aHappiness. ‡0(LARL_NWRL_CONSORTIUM)21886
650 0. ‡aKindness. ‡0(LARL_NWRL_CONSORTIUM)24040
650 0. ‡aAmerican essays ‡y21st century. ‡0(LARL_NWRL_CONSORTIUM)170592
655 7. ‡aEssays. ‡2fast
655 7. ‡aEssays. ‡2lcgft
901 . ‡a396478 ‡bOCoLC ‡c396478 ‡tbiblio ‡soclc

Additional Resources